000 00885nam a2200181Ia 4500
008 100920s9999 xx 000 0 und d
082 _b82221
_a51 न 02
100 _aपोतदार माधव.
245 _aभारताचा पहिला राष्ट्रपुरुष नामदार जगन्नाथ शंकरशेट.
260 _bअनुबंध प्रकाशन, पुणे 43.
_c2002
300 _a272
_bसाधी
365 _b225
520 _aचरित्र.
630 _aभारताचा पहिला राष्ट्रपुरुष नामदार जगन्नाथ शंकरशेट.
650 _aचरित्र.
730 _aभारताचा पहिला राष्ट्रपुरुष नामदार जगन्नाथ शंकरशेट.
942 _cBOOK
999 _c722941
_d722938